<?xml version="1.0" encoding="UTF-8"?>
<record
    xmlns:xsi="http://www.w3.org/2001/XMLSchema-instance"
    xsi:schemaLocation="http://www.loc.gov/MARC21/slim http://www.loc.gov/standards/marcxml/schema/MARC21slim.xsd"
    xmlns="http://www.loc.gov/MARC21/slim">

  <leader>02784nam a22003137a 4500</leader>
  <controlfield tag="003">NALT</controlfield>
  <controlfield tag="005">20250501144144.0</controlfield>
  <controlfield tag="008">230816b        th ||||| |||| 00| 0 tha d</controlfield>
  <datafield tag="020" ind1=" " ind2=" ">
    <subfield code="a">9786168102046</subfield>
  </datafield>
  <datafield tag="040" ind1=" " ind2=" ">
    <subfield code="a">NALT</subfield>
  </datafield>
  <datafield tag="050" ind1=" " ind2=" ">
    <subfield code="a">HD 58.8</subfield>
    <subfield code="b">&#xE21;859&#xE1B; 2560</subfield>
  </datafield>
  <datafield tag="100" ind1="1" ind2=" ">
    <subfield code="9">61368</subfield>
    <subfield code="a">&#xE41;&#xE21;&#xE04;&#xE01;&#xE23;&#xE32;&#xE17;, &#xE40;&#xE08;&#xE21;&#xE2A;&#xE4C;</subfield>
  </datafield>
  <datafield tag="245" ind1="1" ind2="0">
    <subfield code="a">89 &#xE01;&#xE25;&#xE22;&#xE38;&#xE17;&#xE18;&#xE4C; &#xE17;&#xE35;&#xE48;&#xE2D;&#xE07;&#xE04;&#xE4C;&#xE01;&#xE23;&#xE23;&#xE30;&#xE14;&#xE31;&#xE1A;&#xE42;&#xE25;&#xE01; &#xE43;&#xE0A;&#xE49;&#xE2A;&#xE23;&#xE49;&#xE32;&#xE07;&#xE2D;&#xE07;&#xE04;&#xE4C;&#xE01;&#xE23;&#xE41;&#xE25;&#xE30;&#xE1A;&#xE23;&#xE34;&#xE2B;&#xE32;&#xE23;&#xE04;&#xE19; =</subfield>
    <subfield code="b">The little book of big management theories /</subfield>
    <subfield code="c">&#xE40;&#xE08;&#xE21;&#xE2A;&#xE4C; &#xE41;&#xE21;&#xE04;&#xE01;&#xE23;&#xE32;&#xE17;, &#xE1A;&#xE2D;&#xE1E; &#xE40;&#xE1A;&#xE17;&#xE2A;&#xE4C; ; &#xE41;&#xE1B;&#xE25;&#xE42;&#xE14;&#xE22; &#xE27;&#xE34;&#xE0A;&#xE34;&#xE15;&#xE32; &#xE2A;&#xE38;&#xE19;&#xE17;&#xE23;&#xE1E;&#xE34;&#xE1E;&#xE34;&#xE18;.</subfield>
    <subfield code="h">[electronic resource]</subfield>
  </datafield>
  <datafield tag="260" ind1=" " ind2=" ">
    <subfield code="a">&#xE01;&#xE23;&#xE38;&#xE07;&#xE40;&#xE17;&#xE1E;&#xE2F; :</subfield>
    <subfield code="b">&#xE14;&#xE33;&#xE23;&#xE07;&#xE04;&#xE4C; &#xE1E;&#xE34;&#xE13;&#xE04;&#xE38;&#xE13;,</subfield>
    <subfield code="c">2560.</subfield>
  </datafield>
  <datafield tag="300" ind1=" " ind2=" ">
    <subfield code="a">248 &#xE2B;&#xE19;&#xE49;&#xE32; :</subfield>
    <subfield code="b">&#xE20;&#xE32;&#xE1E;&#xE1B;&#xE23;&#xE30;&#xE01;&#xE2D;&#xE1A; ;</subfield>
    <subfield code="c">21 &#xE0B;&#xE21;.</subfield>
  </datafield>
  <datafield tag="300" ind1=" " ind2=" ">
    <subfield code="a">Online resource</subfield>
  </datafield>
  <datafield tag="505" ind1="2" ind2=" ">
    <subfield code="a">&#xE2A;&#xE48;&#xE27;&#xE19;&#xE17;&#xE35;&#xE48; 1 &#xE01;&#xE32;&#xE23;&#xE1A;&#xE23;&#xE34;&#xE2B;&#xE32;&#xE23;&#xE04;&#xE19; -- &#xE2A;&#xE48;&#xE27;&#xE19;&#xE17;&#xE35;&#xE48; 2 &#xE40;&#xE1B;&#xE47;&#xE19;&#xE1C;&#xE39;&#xE49;&#xE19;&#xE33;&#xE04;&#xE19;&#xE44;&#xE14;&#xE49;&#xE2D;&#xE22;&#xE48;&#xE32;&#xE07;&#xE44;&#xE23; -- &#xE2A;&#xE48;&#xE27;&#xE19;&#xE17;&#xE35;&#xE48; 3 &#xE08;&#xE30;&#xE08;&#xE39;&#xE07;&#xE43;&#xE08;&#xE1E;&#xE19;&#xE31;&#xE01;&#xE07;&#xE32;&#xE19;&#xE2D;&#xE22;&#xE48;&#xE32;&#xE07;&#xE44;&#xE23; -- &#xE2A;&#xE48;&#xE27;&#xE19;&#xE17;&#xE35;&#xE48; 4 &#xE08;&#xE30;&#xE2A;&#xE23;&#xE49;&#xE32;&#xE07;&#xE41;&#xE25;&#xE30;&#xE08;&#xE31;&#xE14;&#xE01;&#xE32;&#xE23;&#xE17;&#xE35;&#xE21;&#xE44;&#xE14;&#xE49;&#xE2D;&#xE22;&#xE48;&#xE32;&#xE07;&#xE44;&#xE23; -- &#xE2A;&#xE48;&#xE27;&#xE19;&#xE17;&#xE35;&#xE48; 5 &#xE08;&#xE30;&#xE27;&#xE34;&#xE40;&#xE04;&#xE23;&#xE32;&#xE30;&#xE2B;&#xE4C;&#xE27;&#xE31;&#xE12;&#xE19;&#xE18;&#xE23;&#xE23;&#xE21;&#xE2D;&#xE07;&#xE04;&#xE4C;&#xE01;&#xE23;&#xE44;&#xE14;&#xE49;&#xE2D;&#xE22;&#xE48;&#xE32;&#xE07;&#xE44;&#xE23; -- &#xE2A;&#xE48;&#xE27;&#xE19;&#xE17;&#xE35;&#xE48; 6 &#xE08;&#xE30;&#xE08;&#xE31;&#xE14;&#xE01;&#xE32;&#xE23;&#xE01;&#xE31;&#xE1A;&#xE04;&#xE27;&#xE32;&#xE21;&#xE40;&#xE1B;&#xE25;&#xE35;&#xE48;&#xE22;&#xE19;&#xE41;&#xE1B;&#xE25;&#xE07;&#xE44;&#xE14;&#xE49;&#xE2D;&#xE22;&#xE48;&#xE32;&#xE07;&#xE44;&#xE23; -- &#xE2A;&#xE48;&#xE27;&#xE19;&#xE17;&#xE35;&#xE48; 7 &#xE01;&#xE32;&#xE23;&#xE1A;&#xE23;&#xE34;&#xE2B;&#xE32;&#xE23;&#xE08;&#xE31;&#xE14;&#xE01;&#xE32;&#xE23;&#xE01;&#xE25;&#xE22;&#xE38;&#xE17;&#xE18;&#xE4C; -- &#xE2A;&#xE48;&#xE27;&#xE19;&#xE17;&#xE35;&#xE48; 8 &#xE1A;&#xE23;&#xE34;&#xE2B;&#xE32;&#xE23;&#xE08;&#xE31;&#xE14;&#xE01;&#xE32;&#xE23;&#xE40;&#xE23;&#xE37;&#xE48;&#xE2D;&#xE07;&#xE04;&#xE38;&#xE13;&#xE20;&#xE32;&#xE1E;&#xE44;&#xE14;&#xE49;&#xE2D;&#xE22;&#xE48;&#xE32;&#xE07;&#xE44;&#xE23; -- &#xE2A;&#xE48;&#xE27;&#xE19;&#xE17;&#xE35;&#xE48; 9 &#xE08;&#xE30;&#xE43;&#xE0A;&#xE49;&#xE2D;&#xE33;&#xE19;&#xE32;&#xE08; &#xE1E;&#xE25;&#xE31;&#xE07; &#xE41;&#xE25;&#xE30;&#xE2D;&#xE34;&#xE17;&#xE18;&#xE34;&#xE1E;&#xE25;&#xE44;&#xE14;&#xE49;&#xE2D;&#xE22;&#xE48;&#xE32;&#xE07;&#xE44;&#xE23; -- &#xE2A;&#xE48;&#xE27;&#xE19;&#xE17;&#xE35;&#xE48; 10 &#xE2A;&#xE34;&#xE48;&#xE07;&#xE17;&#xE35;&#xE48;&#xE14;&#xE35;&#xE17;&#xE35;&#xE48;&#xE2A;&#xE38;&#xE14;&#xE02;&#xE2D;&#xE07;&#xE2A;&#xE34;&#xE48;&#xE07;&#xE17;&#xE35;&#xE48;&#xE40;&#xE2B;&#xE25;&#xE37;&#xE2D;&#xE2D;&#xE22;&#xE39;&#xE48; - &#xE40;&#xE23;&#xE37;&#xE48;&#xE2D;&#xE07;&#xE08;&#xE34;&#xE1B;&#xE32;&#xE16;&#xE30;&#xE02;&#xE2D;&#xE07;&#xE44;&#xE2D;&#xE40;&#xE14;&#xE35;&#xE22;&#xE17;&#xE35;&#xE48;&#xE22;&#xE2D;&#xE14;&#xE40;&#xE22;&#xE35;&#xE48;&#xE22;&#xE21;&#xE02;&#xE2D;&#xE07;&#xE1C;&#xE39;&#xE49;&#xE1A;&#xE23;&#xE34;&#xE2B;&#xE32;&#xE23;.</subfield>
  </datafield>
  <datafield tag="650" ind1=" " ind2="4">
    <subfield code="9">44</subfield>
    <subfield code="a">&#xE01;&#xE32;&#xE23;&#xE1A;&#xE23;&#xE34;&#xE2B;&#xE32;&#xE23;&#xE07;&#xE32;&#xE19;&#xE1A;&#xE38;&#xE04;&#xE04;&#xE25;</subfield>
  </datafield>
  <datafield tag="650" ind1=" " ind2="4">
    <subfield code="9">15767</subfield>
    <subfield code="a">&#xE01;&#xE32;&#xE23;&#xE1E;&#xE31;&#xE12;&#xE19;&#xE32;&#xE2D;&#xE07;&#xE04;&#xE4C;&#xE01;&#xE32;&#xE23;</subfield>
  </datafield>
  <datafield tag="650" ind1=" " ind2="4">
    <subfield code="9">5546</subfield>
    <subfield code="a">&#xE01;&#xE32;&#xE23;&#xE08;&#xE39;&#xE07;&#xE43;&#xE08;&#xE43;&#xE19;&#xE01;&#xE32;&#xE23;&#xE17;&#xE33;&#xE07;&#xE32;&#xE19;</subfield>
  </datafield>
  <datafield tag="650" ind1=" " ind2="0">
    <subfield code="a">&#xE01;&#xE32;&#xE23;&#xE08;&#xE31;&#xE14;&#xE01;&#xE32;&#xE23;&#xE18;&#xE38;&#xE23;&#xE01;&#xE34;&#xE08;</subfield>
    <subfield code="9">5803</subfield>
  </datafield>
  <datafield tag="700" ind1="1" ind2=" ">
    <subfield code="9">61369</subfield>
    <subfield code="a">&#xE40;&#xE1A;&#xE17;&#xE2A;&#xE4C;, &#xE1A;&#xE2D;&#xE1E;</subfield>
  </datafield>
  <datafield tag="700" ind1="0" ind2=" ">
    <subfield code="9">10491</subfield>
    <subfield code="a">&#xE27;&#xE34;&#xE0A;&#xE34;&#xE15;&#xE32; &#xE2A;&#xE38;&#xE19;&#xE17;&#xE23;&#xE1E;&#xE34;&#xE1E;&#xE34;&#xE18;</subfield>
  </datafield>
  <datafield tag="850" ind1=" " ind2=" ">
    <subfield code="a">NALT</subfield>
  </datafield>
  <datafield tag="856" ind1="4" ind2="0">
    <subfield code="u">https://ebook.parliament.go.th/ebookall/detail/431655</subfield>
    <subfield code="y">E-Book</subfield>
  </datafield>
  <datafield tag="942" ind1=" " ind2=" ">
    <subfield code="2">lcc</subfield>
    <subfield code="c">GB</subfield>
  </datafield>
  <datafield tag="996" ind1=" " ind2=" ">
    <subfield code="a">kornsiririn.r</subfield>
    <subfield code="b">CATSTF	</subfield>
    <subfield code="c">2023-08-16</subfield>
  </datafield>
  <datafield tag="996" ind1=" " ind2=" ">
    <subfield code="a">jamriang.p</subfield>
    <subfield code="b">CATSTF	</subfield>
    <subfield code="c">2023-11-29</subfield>
  </datafield>
  <datafield tag="999" ind1=" " ind2=" ">
    <subfield code="c">102528</subfield>
    <subfield code="d">102528</subfield>
  </datafield>
  <datafield tag="998" ind1=" " ind2=" ">
    <subfield code="j">1020</subfield>
    <subfield code="k"> &#xE19;&#xE32;&#xE07;&#xE08;&#xE33;&#xE40;&#xE23;&#xE35;&#xE22;&#xE07;  &#xE23;&#xE30;&#xE27;&#xE31;&#xE07;&#xE2A;&#xE33;&#xE42;&#xE23;&#xE07;</subfield>
  </datafield>
  <datafield tag="952" ind1=" " ind2=" ">
    <subfield code="0">0</subfield>
    <subfield code="1">0</subfield>
    <subfield code="2">lcc</subfield>
    <subfield code="4">0</subfield>
    <subfield code="7">0</subfield>
    <subfield code="8">CSEN</subfield>
    <subfield code="a">NALT</subfield>
    <subfield code="b">NALT</subfield>
    <subfield code="c">GEN</subfield>
    <subfield code="d">2023-08-16</subfield>
    <subfield code="l">1</subfield>
    <subfield code="o">HD 58.8 &#xE21;859&#xE1B; 2560</subfield>
    <subfield code="p">0100009567001</subfield>
    <subfield code="r">2024-02-20 00:00:00</subfield>
    <subfield code="s">2024-02-13</subfield>
    <subfield code="w">2023-08-16</subfield>
    <subfield code="y">GB</subfield>
  </datafield>
  <datafield tag="952" ind1=" " ind2=" ">
    <subfield code="0">0</subfield>
    <subfield code="1">0</subfield>
    <subfield code="2">lcc</subfield>
    <subfield code="4">0</subfield>
    <subfield code="7">0</subfield>
    <subfield code="8">CERS</subfield>
    <subfield code="a">NALT</subfield>
    <subfield code="b">NALT</subfield>
    <subfield code="c">ONLINE</subfield>
    <subfield code="d">2023-09-29</subfield>
    <subfield code="e">191</subfield>
    <subfield code="r">2023-09-29 00:00:00</subfield>
    <subfield code="w">2023-09-29</subfield>
    <subfield code="y">EBK</subfield>
  </datafield>
</record>
